=LDR 00000nam 2200000 4500 =001 INLIS000000000036445 =005 20130612142231 =008 ***********************************Ind** =035 ##$$0010-061300000036445 =041 ##$$a Ind =082 ##$$a 641.865 4 =090 ##$$a 641.865 4, Rah r =100 ##$$a Rahman, Fadly =245 ##$$a Rijsttafel budaya kuliner di Indonesia masa kolonial 1870-1942 =260 ##$$a 2011 $b Jakarta =300 ##$$a 140 hlm, ilus, 24 cm =650 ##$$a Kuliner =700 ##$$a Hardiman, Intarina =850 ##$$a NBPNMAT